|
|
|
|
| LEADER |
00620nam a22001814a 4500 |
| 008 |
140311n |||gr||||Z||||||eng |
| 082 |
|
|
|a M2K1
|
| 100 |
|
|
|a Berman, Wooster, Woodruff & Smith, Eugene, David.
|
| 245 |
|
|
|a Famous Problems of Elementary Geometry
|
| 250 |
|
|
|a 2nd.
|
| 260 |
|
|
|a United States of America:
|b Ginn and Company.
|
| 300 |
|
|
|a 81p.
|
| 546 |
|
|
|a English.
|
| 630 |
|
|
|a Statistics;Gauss`s Prime Numbers; Conjugate values.
|
| 852 |
|
|
|t 1
|p STA03512
|a S10; R2
|b General
|f 00000
|
| 942 |
|
|
|c BK
|
| 999 |
|
|
|c 217288
|d 217288
|
| 952 |
|
|
|0 0
|1 0
|4 0
|7 0
|9 231430
|a STA
|b STA
|d 2019-12-11
|l 0
|p STA03512
|r 2019-12-11
|t 1
|w 2019-12-11
|y BK
|